000 00378pab a2200145 454500
008 180718b1987 xxu||||| |||| 00| 0 eng d
100 _aMarenin, Otwin
245 _aThe Nigerian state as process and manager
_bA conceptualization
260 _c1987
300 _a215-32
362 _aJan.
650 _aNigeria - Government
773 _aComparative Politics
909 _a14092
999 _c14092
_d14092